000 00424nam a2200181Ia 4500
003 IT-RoPAU
008 120407s9999 xx 000 0 und d
040 _aIT-RoPAU
040 _cIT-RoPAU
245 _aGrandi temi biblici. Saggio di predicazione biblica
245 _cAA.VV.
260 _aEdizioni Paoline
300 _c cm
490 _v1
600 _acollana Pastorale - Magisterium
942 _cBK
999 _c3836
_d3836